100 personnages Hunter x Hunter - Statistiques

Statistiques générales
  • Ce quiz a été pris 155 fois
  • Le résultat moyen est 26 sur 100
Statistiques - réponses
Réponses % Correct
Gon
96%
Killua / Kirua
95%
Leolio / Leorio
88%
Hisoka
87%
Kurapika
86%
Meruem
76%
Illumi / Irumi
73%
Neferpitou / Pito
70%
Chrollo / Kuroro
67%
Feitan
65%
Ging
63%
Zeno
62%
Netero
61%
Silva
59%
Alluka / Aruka
54%
Pakunoda
52%
Shauapufu / Pufu
48%
Nobunaga
46%
Biscuit
44%
Menthuthuyoupi / Youpi
43%
Tompa
42%
Shizuku
41%
Phinks
40%
Franklin
38%
Sharnalk
38%
Karuto
37%
Milluki / Miruki
36%
Machi
35%
Colt / Koruto
34%
Hanzo
34%
Neon
33%
Genthru / Boomer
32%
Zushi
32%
Kaito / Kite
31%
Parisuton
31%
La Reine
30%
Wing
29%
Gotô
28%
Nanika
28%
Pamû
27%
Maha
26%
Korutopi
25%
Leor / Agia
25%
Knuckle
24%
Kanaria
23%
Bonorenof
22%
Meleoron
21%
Ponzu
21%
Shoot
21%
Kikyo
20%
Razor
20%
Morau
19%
Senritsu
18%
Ikarugo
16%
Pokkuru
16%
Zazan
16%
Uvoguine
15%
Komugi
14%
Menchi
14%
Tsubone
14%
Amane
13%
Guido
13%
Riluberto
11%
Light
10%
Goreinu
9%
Kanzai
8%
Welfin
8%
Sadaso
7%
Bashô
6%
Botobai
6%
Novu
6%
Zebulo
6%
Zepairu
6%
Beans
5%
Cheetu
5%
Ciquento
5%
Saiyu
5%
Sukuwara
5%
Binolt
4%
Darzolne
4%
Dwun
4%
Eliza
4%
Vezze
4%
Ginta
3%
Kurukku
3%
Mizaisutomu
3%
Piyon
3%
Burovûta
2%
Chiidoru
2%
Geru
2%
Tzesugera
2%
Yunju
2%
Zzigg
2%
Nikkes
1%
Abegane
0%
Asuta
0%
Kastrot
0%
Sachhô
0%
Teradin
0%
Togarit
0%
Aucun quiz correspondant
Distribution des résultats
% des personnes avec chaque résultat
Percentile par nombre de réponses
Votre historique - résultats
Vous n’avez pas pris ce quiz